Príprava a charakterizácia polymérov s odtlačkami molekúl pre vybrané látky zo skupiny aminokyselín
Salvato in:
| Autore principale: | |
|---|---|
| Altri autori: | |
| Natura: | Manoscritto Libro |
| Lingua: | slovacco |
| Pubblicazione: |
2019
|
| Soggetti: | |
| Accesso online: | http://is.stuba.sk/zp/portal_zp.pl?podrobnosti=143075 |
| Tags: |
Nessun Tag, puoi essere il primo ad aggiungerne!!
|
MARC
| LEADER | 00000ntm a22000003a 4500 | ||
|---|---|---|---|
| 001 | stuzp74215 | ||
| 003 | SK-STU | ||
| 005 | 20190601211115.1 | ||
| 007 | ta | ||
| 008 | 150427s2015----xo-----f-mn---000-0-slo-d | ||
| 040 | |a STU |b slo | ||
| 041 | 0 | |a slo | |
| 100 | 1 | |a Výbohová, Veronika |u 041000 |k Z4 |4 aut |U FCHPT Fakulta chemickej a potravinárskej technológie |T FCHPT Ústav analytickej chémie |X 65203 |U C1000 |Y 99 |7 65203 | |
| 242 | 0 | 1 | |a Preparation and characterization of molecularly imprinted polymers for selected compounds from the group of amino acids |y eng |
| 245 | 1 | 0 | |a Príprava a charakterizácia polymérov s odtlačkami molekúl pre vybrané látky zo skupiny aminokyselín |
| 260 | |c 2019 | ||
| 650 | 4 | |a polymér s odtlačkom molekuly |2 slo | |
| 650 | 4 | |a HPLC |2 slo | |
| 650 | 4 | |a kinetika adsorpcie |2 slo | |
| 650 | 4 | |a termodynamika |2 slo | |
| 650 | 4 | |a adsorpčné izotermy |2 slo | |
| 650 | 4 | |a molecularly imprinted polymer |2 eng | |
| 650 | 4 | |a HPLC |2 eng | |
| 650 | 4 | |a adsorption kinetics |2 eng | |
| 650 | 4 | |a thermodynamics |2 eng | |
| 650 | 4 | |a adsorption isotherms |2 eng | |
| 700 | 1 | |a Hroboňová, Katarína |u 041000 |k Z1 |4 ths |U FCHPT Fakulta chemickej a potravinárskej technológie |T FCHPT Ústav analytickej chémie |X 3931 |U C1000 |Y 99 |7 A000003931 | |
| 856 | 4 | |u http://is.stuba.sk/zp/portal_zp.pl?podrobnosti=143075 | |